| 000 | 00424nam a2200109Ia 4500 | ||
|---|---|---|---|
| 008 | 160909s9999 xx 000 0 und d | ||
| 100 | _aRobinson Harris, Theresa | ||
| 245 | 2 | _aA phenomenological investigation of small-business closure in California: An examination of the leadership process | |
| 260 |
_bPepperdine University. _c2016 |
||
| 650 | _aTOURISM | ||
| 856 | _uhttp://pqdtopen.proquest.com/doc/1791154693.html?FMT=ABS | ||
| 999 |
_c304940 _d304940 |
||